000 00288nam a2200145Ia 4500
100 _aHaykin/ Simon
942 _cBK
654 _afitters
245 _aModern fitters
260 _bMacmillan
_aSingapore
_c1990
082 _a530.41
300 _a398
546 _aENGLISH
999 _c20443
_d20443